[Event "La Paz Casa Argentina op"]
[Site "La Paz"]
[Date "2022.06.16"]
[Round "2"]
[White "Ticona Rocabado, Licael Roderick"]
[Black "Iporre Escobar, Sergio"]
[Result "1-0"]
[WhiteElo "2150"]
[BlackElo "1538"]
[PlyCount "129"]
[EventDate "2022.06.16"]
[EventType "swiss"]
[EventRounds "7"]
[EventCountry "BOL"]
[SourceTitle "EXT 2023"]
[Source "ChessBase"]
[SourceDate "2022.10.05"]
[SourceVersion "1"]
[SourceVersionDate "2022.10.05"]
[SourceQuality "1"]

1. Nf3 d5 2. g3 Nf6 3. Bg2 Nc6 4. d4 Bf5 5. 0-0 e6 6. c3 Be7 7. Nbd2 0-0 8. Nh4 Bg4 9. h3 Bh5 10. g4 Bg6 11. Nxg6 fxg6 12. e4 dxe4 13. Nxe4 Nxe4 14. Bxe4 Bh4 15. Qb3 Qf6 16. Be3 Rab8 17. Rad1 Ne7 18. d5 exd5 19. Bxa7 Kh8 20. Bxd5 Nxd5 21. Qxd5 c6 22. Qg2 Rbd8 23. Bd4 Qe6 24. Rfe1 Qxa2 25. Bc5 Rxd1 26. Rxd1 Rd8 27. Rxd8+ Bxd8 28. Qe4 Qf7 29. Qa4 h6 30. Qa8 Qc7 31. Be3 Kh7 32. Qa4 Qe5 33. Qd1 Bc7 34. Qf3 Qh2+ 35. Kf1 Qe5 36. Qf7 Bb6 37. Bf4 Qb5+ 38. Kg1 Qxb2 39. Be5 Bxf2+ 40. Qxf2 Qb1+ 41. Kh2 Qe4 42. Bg3 b5 43. Qc5 Qe2+ 44. Bf2 Qd2 45. Kg2 Qd7 46. Bd4 Qe8 47. Qe5 Qf7 48. Qd6 Qe8 49. Qe5 Qf7 50. Kg3 Kg8 51. Qe4 c5 52. Be3 g5 53. Qe5 Qf1 54. Bxc5 Qd3+ 55. Qe3 Qc4 56. Kf2 Qa2+ 57. Kg3 Qc4 58. Qe5 Qd3+ 59. Be3 Qc4 60. Kf2 Qa2+ 61. Kf3 Qc4 62. Qe8+ Kh7 63. Qe4+ Kg8 64. Qxc4+ bxc4 65. Ke4 1-0